Statistics for States that voted for Obama in 2008

Click here to take the quiz!

General Stats

  • This quiz has been taken 22 times
  • The average score is 27 of 29

Answer Stats

Answer % Correct
California
100%
New Hampshire
100%
Washington
100%
Virginia
100%
Hawaii
100%
Rhode Island
100%
Illinois
100%
Indiana
100%
Maryland
100%
Oregon
100%
Ohio
100%
North Carolina
100%
New York
100%
New Mexico
100%
Vermont
95%
Pennsylvania
95%
Wisconsin
95%
Maine
95%
Michigan
95%
Iowa
95%
Florida
95%
Delaware
95%
Connecticut
95%
New Jersey
89%
Nevada
89%
Minnesota
89%
Colorado
84%
Nebraska's split vote
58%
Massachussets
37%

Score Distribution

Percentile by Number Answered

Percent of People with Each Score

Your Score History

You have not taken this quiz